000
00278nam a22001217a 4500
082
_a
620.3
100
_a
Singal, R. K.
245
_a
MECHANICAL VIBRATIONS THEORY & APPLICATIONS
260
_a
New DElhi
_b
S.K.K
_c
2012.
300
_a
418 p. ;
500
_a
Paperback.
942
_c
BK
999
_c
33148
_d
33148